00508nam a2200169Ia 450000500170000000800410001704000190005804100120007708200170008924501040010626000320021030000090024265000230025165100230027470000310029785000100032820230314114947.0131103s9999 xx 000 0 und d aLoreto College aEnglish a891.441bDAS aRoots in the voidb baul songs of Bengal ctranslated by Alokaranjan Dasgupta and Mary Ann Dasgupta aCalcuttabK P Bagchi c1977 a70p  aBengali Folk Music aBengali Folk Songs aDasgupta, Alokaranjan, tr. aLCLIB